[Event "San Jose Metropolitano op-B 45th"]
[Site "San Jose"]
[Date "2024.12.26"]
[Round "2"]
[White "Lopez Bustos, David"]
[Black "Jimenez Esquivel, Greivin"]
[Result "0-1"]
[WhiteElo "1654"]
[BlackElo "1895"]
[PlyCount "128"]
[EventDate "2024.12.26"]
[EventType "tourn"]
[EventRounds "9"]
[EventCountry "CRI"]
[SourceTitle "CB02_2025"]
[SourceDate "2025.01.08"]
[SourceVersion "1"]
[SourceVersionDate "2025.01.08"]
[SourceQuality "1"]

1. g3 e5 2. e4 Nc6 3. Nf3 Bc5 4. Bg2 d6 5. 0-0 Bg4 6. d3 Qd7 7. Be3 h5 8. Qd2 f6 9. Bxc5 dxc5 10. Qe3 b6 11. h4 Nh6 12. Nh2 Nd4 13. Na3 Bh3 14. c3 Bxg2 15. Kxg2 Ne6 16. Qf3 0-0-0 17. Rad1 Kb8 18. Nc4 Qe7 19. Ne3 Qf7 20. Nf5 g5 21. b3 Ng4 22. Kh1 Ng7 23. Nxg7 Qxg7 24. Nxg4 hxg4 25. Qxg4 Qf7 26. h5 Rxh5+ 27. Kg2 Rhh8 28. Rh1 Rxh1 29. Kxh1 f5 30. exf5 e4 31. Qxg5 Rg8 32. Qh4 Qxf5 33. dxe4 Qf3+ 34. Kh2 Qxd1 35. Qh7 Rf8 36. f4 Qd2+ 37. Kh3 Qxc3 38. Qe7 Rh8+ 39. Kg4 Rg8+ 40. Kf5 Qxg3 41. Qe6 Rf8+ 42. Ke5 Qxf4+ 43. Kd5 Rd8+ 44. Kc4 Rd4+ 45. Kb5 Qxe4 46. Qxe4 Rxe4 47. Kc6 a6 48. Kd5 Rd4+ 49. Ke5 Rd2 50. a3 Rd3 51. b4 cxb4 52. axb4 Rb3 53. b5 Rxb5+ 54. Kd4 Rc5 55. Kd3 a5 56. Kd4 a4 57. Kd3 a3 58. Ke4 a2 59. Kd4 a1Q+ 60. Kd3 Qc3+ 61. Ke4 Re5+ 62. Kf4 Qe3+ 63. Kg4 Rg5+ 64. Kh4 Qg3# 0-1